000 00714nam a2200217Ii 4500
003 JO-AjNU
008 230605s9999||||xx |||||||||||||| ||und||
017 _a2008/8/2639
040 _aJO-AjNU
_bara
_erda
_cJO-AjNU
041 _aara
050 1 4 _aPJ7858.A52.M83 2008
100 3 _aالقاسم،صالح,
_eauthor
_957483
245 0 0 _aالمعلمة
250 _aط1
264 3 1 _aاربد: موسسة حماده للدراسات الجامعية والنشر والتوزيع، 2008
300 _a78ص
336 _atext
_btxt
_2rdacontent
337 _aunmediated
_bn
_2rdamedia
338 _avolume
_bnc
_2rdacarrier
650 4 _aالقصص العربيه القصريه-العصر الحديث
_957484
999 _aA25764
_c29332
_d29332